000 00772nmc a2200301 a 4500
003 AR-X00000XY
005 20251128211905.0
008 257020s2005 ||||||||||||||000 | spa||
020 _a950-581-169-1
040 _cAR-X00000XY
100 1 _aGrimm, Jacob
245 1 0 _aHansel y Gretel
250 _a1ª ed.
260 _aBuenos Aires
_bColihue
_c2005
300 0 _a[16] p.
_bil.
490 0 _aCuentos clásicos Colihue
650 4 _aLITERATURA ARGENTINA
650 4 _aCUENTOS
650 4 _aLIBROS PARA NINOS
650 4 _aLITERATURA INFANTIL
650 4 _aLITERATURA ALEMANA
655 _aLITERATURA
700 1 _aGrimm, Wilhelm
700 1 _aViola, Liliana
_eadaptador
700 1 _aCastro, Mima
_eilustrador
942 _cBK
998 _cna-calidad
999 _c21496
_d21496